000 00434nam a22001697a 4500
003 MPLRDC
005 20220104142636.0
008 210129b ||||| |||| 00| 0 eng d
082 _a337.11 CJF
100 _a蔡锦福编著
245 _a电子控制入门
_c
260 _a
_b光辉科技丛书出版社
_c
300 _b
490 _a光辉科技系列. 8
650 _a电子学; 电子物理学
942 _cBK
_o337.11 CJF
999 _c32524
_d32514